000 00274nam a22001097a 4500
008 240603b |||||||| |||| 00| 0 eng d
100 _aIshwar Anchal
_915090
245 _aGund Piyo Gare
260 _aBombay :
_bKalkama Kitab Ghar Pub.
_c1967.
300 _a120p.
942 _cBK
999 _c39439
_d39439